Analýza a simulácia tepelných vlastnosrí tenkovrstvových štruktúr pre mikrosenzor plynu

Guardado en:
Detalles Bibliográficos
Autor principal: Vaňo, Peter (Autor)
Otros Autores: Hotový, Ivan, 1957- (Orientador)
Formato: Manuscrito Libro
Lenguaje:eslovaco
Publicado: Bratislava : STU v Bratislave FEI, 2005
Materias:
Etiquetas: Agregar Etiqueta
Sin Etiquetas, Sea el primero en etiquetar este registro!

MARC

LEADER 00000ntm a22000003a 4500
001 stu116463
005 20160719165008.2
008 060421s2005----xo------------------slo-d
040 |a STU  |b slo 
041 0 |a slo 
044 |a xo 
100 1 |a Vaňo, Peter  |4 aut 
245 1 |a Analýza a simulácia tepelných vlastnosrí tenkovrstvových štruktúr pre mikrosenzor plynu 
260 |a Bratislava :  |b STU v Bratislave FEI,  |c 2005 
300 |a 74 s 
650 7 |a elektronika  |2 stusub 
700 1 |a Hotový, Ivan,  |d 1957-  |4 ths  |u E030  |U FEI Fakulta elektrotechniky a informatiky  |T FEI Ústav elektroniky a fotoniky  |X 4233  |U E030  |Y 549  |7 A000004233